000 00762nam a22002535i 4500
001 12772
003 ES-MaACL
005 20250911062823.0
007 t|
008 921124s1992 sp ||||0| spa j
020 _a84-7522-276-5
040 _aM-BN
_bspa
_cM-BN
080 _a860(861)-14"19"
100 1 _aGreiff, León de.
_959925
245 1 0 _aAntología poética /
_cLeón de Greiff ; edición de Fernando Charry Lara.
260 _aMadrid :
_bVisor,
_c1992.
300 _a270 p. ;
_c20 cm.
490 1 _aColección Visor de poesía ;
_v276
504 _aBibliografía: p. 19.
700 1 _aCharry Lara, Fernando.
_938136
830 0 _aColección Visor de poesía
_v276
_9177331
852 _aES-MaACL
_jL-19935
_bR.121739
999 _c12772
_d12772